=LDR 00000nam 2200000 4500 =001 INLIS000000000040090 =005 20220308015437 =035 ##$$a 0010-061300000040090 =008 220308################g##########0#ind## =041 ##$$a ind =082 ##$$a 631 =100 ##$$a Hanafie, Rita =245 1#$$a Pengantar Ekonomi Pertanian /$c Rita Hanafie =260 ##$$a yogyakarta :$b Andi,$c 2010 =300 ##$$a 307 hlm : $b ilus ; $c 17x23cm =850 ##$$a NBPNMAT =020 ##$$a 9789792912913 =084 ##$$a 631 Han p =650 #4$$a Pertanian =990 ##$$a 21107643 =990 ##$$a 0001/BPAP-NTB/20142014 =990 ##$$a 13891389 =990 ##$$a 21107646 =990 ##$$a 21107643 =990 ##$$a 0001/BPAP-NTB/20142014